Database system concepts (Record no. 489)

000 -LEADER
fixed length control field 00571nam a22002297a 4500
001 - CONTROL NUMBER
control field 489
003 - CONTROL NUMBER IDENTIFIER
control field BD-DhUET
008 - FIXED-LENGTH DATA ELEMENTS--GENERAL INFORMATION
fixed length control field 140722b xxu||||| |||| 00| 0 eng d
020 ## - INTERNATIONAL STANDARD BOOK NUMBER
International Standard Book Number 007124476X
040 ## - CATALOGING SOURCE
Transcribing agency 0
Modifying agency BD-DhUET
082 ## - DEWEY DECIMAL CLASSIFICATION NUMBER
Classification number 005.74
Item number SIL/2006
100 ## - MAIN ENTRY--PERSONAL NAME
Personal name Silberschatz, Abraham
245 ## - TITLE STATEMENT
Title Database system concepts
250 ## - EDITION STATEMENT
Edition statement 5th ed.
260 ## - PUBLICATION, DISTRIBUTION, ETC. (IMPRINT)
Place of publication, distribution, etc. Boston
Name of publisher, distributor, etc. McGraw-Hill
Date of publication, distribution, etc. 2006
300 ## - PHYSICAL DESCRIPTION
Extent xxvi,1142p.
Other physical details ill.
504 ## - BIBLIOGRAPHY, ETC. NOTE
Bibliography, etc Includes bibliographies
650 #0 - SUBJECT ADDED ENTRY--TOPICAL TERM
Topical term or geographic name as entry element Database management
700 ## - ADDED ENTRY--PERSONAL NAME
Personal name Korth, Henry F.
700 ## - ADDED ENTRY--PERSONAL NAME
Personal name Sudarshan, S.
942 ## - ADDED ENTRY ELEMENTS (KOHA)
Koha item type General Book
Holdings
Price effective from Koha date last borrowed Date acquired Copy number Koha full call number Not for loan Source of classification or shelving scheme Koha normalized classification for sorting Withdrawn status Sublocation or collection (holding branch) Lost status Shelving location Koha renewals Damaged status Koha item type Koha date last seen Koha issues (times borrowed) Piece designation (barcode) Location (home branch)
2014-07-22 2014-07-221007.74/SIL/2006  007_000000000000000_74SIL2006 Central Library, BUET Circulation section  General Book2014-07-22 103320Central Library, BUET
2014-07-22 2014-07-222007.74/SIL/2006  007_000000000000000_74SIL2006 Central Library, BUET Circulation section2 General Book2016-12-24 103321Central Library, BUET
2014-08-25 2014-08-253005.74 SIL/2006  005_740000000000000_SIL2006 Central Library, BUET Circulation section  General Book2014-08-25 103322Central Library, BUET
2014-08-252021-12-042014-08-254005.74/SIL/2006  005_000000000000000_74SIL2006 Central Library, BUET Circulation section  General Book2021-12-181103323Central Library, BUET
2014-08-25 2014-08-255005.74/SIL/2006  005_000000000000000_74SIL2006 Central Library, BUET Circulation section  General Book2014-08-25 103324Central Library, BUET
2014-08-25 2014-08-256005.74/SIL/2006  005_740000000000000_SIL_2006 Central Library, BUET Circulation section  General Book2014-08-25 103325Central Library, BUET
2014-08-252017-07-012014-08-257005.74/SIL/2006  005_740000000000000_SIL_2006 Central Library, BUET Circulation section  General Book2017-07-161103326Central Library, BUET
2014-08-25 2014-08-258005.74/SIL/2006  005_000000000000000_74SIL2006 Central Library, BUET Circulation section  General Book2014-08-25 103327Central Library, BUET
2014-08-25 2014-08-259005.74/SIL/2006  005_000000000000000_74SIL2006 Central Library, BUET Circulation section  General Book2014-08-25 103328Central Library, BUET
2014-08-25 2014-08-2510005.74/SIL/2006  005_000000000000000_74SIL2006 Central Library, BUET Circulation section  General Book2014-08-25 103329Central Library, BUET
2015-06-09 2015-06-0911005.74/SIL/2006  005_740000000000000_SIL_2006 Central Library, BUET Reading section  Reading Item2015-06-09 102172Central Library, BUET
2015-06-09 2015-06-0912005.74/SIL/2006  005_740000000000000_SIL_2006 Central Library, BUET Reading section  Reading Item2015-06-09 102554Central Library, BUET